Catálogo
Digital

Catálogo
Digital

Estándares / Normas Internacionales de información financiera (IFRS/NIIF) : (Record no. 13977)

MARC details
000 -CABECERA
campo de control de longitud fija 03724nam a2200361 4500
003 - IDENTIFICADOR DEL NÚMERO DE CONTROL
campo de control EC-UNACH
005 - FECHA Y HORA DE LA ÚLTIMA TRANSACCIÓN
campo de control 20251006102234.0
006 - CÓDIGOS DE INFORMACIÓN DE LONGITUD FIJA--CARACTERÍSTICAS DEL MATERIAL ADICIONAL
campo de control de longitud fija s||||gr|||| 00| 00
008 - DATOS DE LONGITUD FIJA--INFORMACIÓN GENERAL
campo de control de longitud fija 150116t9999 mx r gr 000 0 spa d
020 ## - NÚMERO INTERNACIONAL ESTÁNDAR DEL LIBRO
Número Internacional Estándar del Libro 978-958-648-984-3
040 ## - FUENTE DE LA CATALOGACIÓN
Centro catalogador/agencia de origen EC-UNACH
Centro/agencia transcriptor EC-UNACH
041 ## - CÓDIGO DE LENGUA
Código de lengua del texto/banda sonora o título independiente spa
082 04 - NÚMERO DE LA CLASIFICACIÓN DECIMAL DEWEY
Número de edición 23
Número de clasificación 658.151.2
Número de documento/Ítem L011281
110 ## - ENTRADA PRINCIPAL--NOMBRE DE ENTIDAD CORPORATIVA
Nombre de entidad corporativa o nombre de jurisdicción como elemento de entrada ECOE EDICIONES LLTDA.
245 ## - MENCIÓN DE TÍTULO
Título Estándares / Normas Internacionales de información financiera (IFRS/NIIF) :
Resto del título Incluye ejercicios y estudios de casos
250 ## - MENCIÓN DE EDICIÓN
Mención de edición Cuarta edición
264 ## - Producción, publicación, distribución, fabricación y copyright
Lugar de producción, publicación, distribución, fabricación Bogotá - Colombia
Nombre del de productor, editor, distribuidor, fabricante ECOE EDICIONES
Fecha de de producción, publicación, distribución, fabricación o copyright 2013
300 ## - DESCRIPCIÓN FÍSICA
Extensión 703 páginas
Otras características físicas Cuadros, Tablas
505 ## - NOTA DE CONTENIDO CON FORMATO
Nota de contenido con formato Sección 1. Entendiendo lo básico --<br/>Introducción --<br/>1. Nuevas realidades, nuevo lenguaje --<br/>2. Dinámica básica de los IFRS (NIIF): el nuevo proceso contable --<br/>3. Cómo administrar un proyecto para la implementación de los IFRS (NIIF) 4. El paso del sistema PCGA al sistema IFRS --<br/>5. En la publicación está la clave --<br/>Sección 2: Los IFRS resumidos --<br/>Introducción --<br/>Prefacio a los estándares/normas internacionales de información financiera --<br/>Estructura/marco conceptual para la preparación y presentación de estados financieros<br/>IFRS 1 a 13 --<br/>IAS 1, 2, 7, 8, 10, 11, 12, 16, 17, 18, 19, 20, 21, 23, 24, 26, 27, 27(2011), 28, 28(2011) 29, 31, 32, 33, 34, 36, 37, 38, 39, 40, 41 --<br/>IFRIC 1, 2, 4, 5, 6, 7, 9, 10, 12, 13, 14, 15, 16, 17, 18, 19, 20 --<br/>SIC 7, 10, 15, 21, 25, 27, 29, 31, 32 --<br/>Sección 3. El IFRS para pymes Introducción --<br/>Preguntas analizadas --<br/>1. El IFRS para pymes. Definiciones básicas --<br/>2. Presentación de estados financieros --<br/>3. Instrumentos financieros --<br/>4. Inventarios --<br/>5. Inversiones --<br/>6. Propiedad, planta y equipo --<br/>7. Activos intangibles, combinaciones de negocio y plusvalía -- 8. Arrendamientos<br/>9. Provisiones y contingencias --<br/>10. Pasivos y patrimonio --<br/>11. Ingresos ordinarios -- 12. Aplicaciones específicas --<br/>12.1. Subvenciones gubernamentales --<br/>12.2. Costos por préstamos --<br/>12.3. Pago basado-en-acciones --<br/>12.4. Deterioro del valor de los activos 12.5. Beneficios para empleados --<br/>12.6. Impuesto a los ingresos --<br/>12.7. Cambio de moneda extranjera --<br/>12.8. Hiperinflación --<br/>12.9. Eventos posteriores --<br/>12.10. Revelaciones sobre partes relacionadas --<br/>12.11. Actividades especializadas -- 13. Transición hacia el IFRS para pymes<br/>14. Preguntas y respuestas acerca del IFRS para pymes --<br/>Sección 4. Ejercicios --<br/>Introducción --<br/>1. Selección múltiple: Entendiendo lo básico --<br/>1.1. Nuevas realidades, nuevo lenguaje --<br/>1.2. Dinámica básica de los IFRS (NIIF): el nuevo proceso contable 1.3. Cómo administrar un proyecto para la implementación de los IFRS (NIIF) --<br/>1.4. El paso del sistema PCGA al sistema IFRS --<br/>2. Selección múltiple: certificación internacional --<br/>3. Selección múltiple: IFRS para pymes --<br/>4. Selección múltiple: nuevos IFRS (2011) --<br/>5. Estado de posición financiera IFRS de apertura. Preparado a la fecha de la transición hacia los IFRS --<br/>6. Ejemplos ilustrativos: Estados financieros según el IFRS para pymes --<br/>7. Respuestas selección múltiple --<br/>8. Estudios de caso --<br/>Caso 1. Combinaciones de negocio --<br/>Caso 2. Activos de larga vida.<br/>
650 ## - PUNTO DE ACCESO ADICIONAL DE MATERIA--TÉRMINO DE MATERIA
Término de materia o nombre geográfico como elemento inicial ESTADOS FINANCIEROS
650 ## - PUNTO DE ACCESO ADICIONAL DE MATERIA--TÉRMINO DE MATERIA
Término de materia o nombre geográfico como elemento inicial PASIVOS Y PATRIMONIOS
650 ## - PUNTO DE ACCESO ADICIONAL DE MATERIA--TÉRMINO DE MATERIA
Término de materia o nombre geográfico como elemento inicial UTILIDAD O PÉRDIDA
650 ## - PUNTO DE ACCESO ADICIONAL DE MATERIA--TÉRMINO DE MATERIA
Término de materia o nombre geográfico como elemento inicial IMPLEMENTACIÓN DE LOS IFRS
700 ## - PUNTO DE ACCESO ADICIONAL--NOMBRE DE PERSONA
Nombre de persona Mantilla B, Samuel Alberto
700 ## - PUNTO DE ACCESO ADICIONAL--NOMBRE DE PERSONA
Nombre de persona Pacter, Paul
700 ## - PUNTO DE ACCESO ADICIONAL--NOMBRE DE PERSONA
Nombre de persona Pajuelo, Oscar
700 ## - PUNTO DE ACCESO ADICIONAL--NOMBRE DE PERSONA
Nombre de persona Angulo, Antonio José
942 ## - ELEMENTOS DE PUNTO DE ACCESO ADICIONAL (KOHA)
Fuente del sistema de clasificación o colocación Clasificación Decimal Dewey
Tipo de ítem Koha Libros
999 ## - NÚMEROS DE CONTROL DE SISTEMA (KOHA)
Koha biblionumber 13977
Holdings
Estado de pérdida Fuente del sistema de clasificación o colocación Estado dañado No para préstamo Localización permanente Ubicación/localización actual Ubicación en estantería Fecha de adquisición Fuente de adquisición Número de inventario Total de préstamos Signatura topográfica completa Código de barras Fecha visto por última vez Número de copia Precio válido a partir de Tipo de ítem Koha Centro de costos
  Clasificación Decimal Dewey     Biblioteca Campus Norte Biblioteca Campus Norte Facultad de Ciencias de la Salud - Generalidades 06/10/2025 Disposición Transitoria SEGUNDA. Resolución No. 0311-CU-UNACH-SE-ORD-16-09-2024 399332871   658.151.2 MAN L011281 L011281 06/10/2025 Ej: 01 06/10/2025 Libros  

Powered by Koha